Ninjago characters chain - Statistics

General Stats
  • This quiz has been taken 35 times
  • The average score is 8 of 25
Answer Stats
Hint Answer % Correct
FSM’s above son Garmadon
87%
Saved from elemental monsters in the Whispering Wood Lloyd/Arin/Euphrasia
81%
Above’s mentor Kai
74%
Above’s son Lloyd
74%
Exiled by above to the never realm Zane
74%
Ninja in the set featuring above that is in dragon form despite it’s form not being in the show (As of May 2026) Cole
71%
Above’s uncle Wu
61%
Above’s biggest fan, now pupil Frak
39%
Wants revenge on Wu Aspheera
35%
Above’s pie making mentor Sora
35%
The only non dragon ninja in Umbrasilvis that doesn’t get suspected by above Wyldfyre
26%
Dragon that above met in the Whispering Wood Dragon of Life
23%
Above’s original elemental power source Riyu
23%
Elemental monster in the latest above set Mutation monster
10%
Above is the spell that banished The Forbidden Five
10%
Stole Above’s (amongst other’s) soul Thunderfang
10%
Non ninja who helped Cole and Zane escape from above Bonzel
6%
Above’s species Dragonian
6%
Above’s enemys Oni
6%
Above’s leader Rox
6%
Figure exclusive to Above’s set Tyr
6%
The two above fought in the wyldness over a Dragon Energy Core Dorama
3%
Member of the new Explorers club that shoots at above to save Frak and Wyldfyre Gweeg
3%
Above’s teammate, also a loyalist Johnny Courageous
3%
Above’s teammate in Umbrasilvis The Grand Inquisitor
3%
No matching quizzes found
Score Distribution
Percent of People with Each Score
Percentile by Number Answered
Your Score History
You have not taken this quiz